000 00530nam a2200169 4500
003 SEACOMEC
005 20240416123242.0
008 231006b |||||||| |||| 00| 0 eng d
040 _aSEACOMEC
082 _a621.392
_bN769
100 1 _aNoergaard, Tammy
245 1 _aEmbedded systems architecture
_ba comprehensive guide
_cTammy Noergaard
260 _aNew Delhi
_bElsevier
_c2005
650 _aApplied physics
650 _aElectrical, magnetic, optical, communications, computer engineering; electronics, lighting
942 _cBOOK
999 _c158
_d158